000
00331 a2200157 4500
001
57841
020
_a
9788516055684
040
_c
Anchieta - Pituba
100
_a
Wilce, Ysabeau S.
240
1
0
_a
Flora segunda
_l
por
245
1
0
_a
Flora segunda
300
_a
446
362
0
_a
2007
650
4
_a
Literatura juvenil
942
_c
BK
999
_c
57841
_d
57841